000 00606nam a2200193Ia 4500
003 GCL
008 140319s9999 xx 000 0 ara d
040 _aGCL /
_cGCL
082 0 4 _a174
_bا ق
100 1 _aاشرف فوزى يوسف
245 1 0 _aقواعد واداب البحث العلمى فى المجال الطبى /
_cاشرف فوزى يوسف
260 _a[S.N] :
_bلجنة الاعلام والدراسات المستقبلية ،
_c1993
300 _a69 ص
490 _a
650 0 4 _aالطب
650 0 4 _aطرق البحث
650 0 4 _aالبحث العلمى
942 _2ddc
_cBK
999 _c46814
_d46814